| 000 | 00329nam a2200109Ia 4500 | ||
|---|---|---|---|
| 008 | 171212s9999 xx 000 0 und d | ||
| 020 | _a9781783740970 | ||
| 245 |
_ceditor McClure Mudge, Jean _aMr. Emerson's Revolution |
||
| 260 |
_bOpen Book Publishers _c2015 |
||
| 650 | _aHistory | ||
| 856 | _uhttp://jstor.org/stable/j.ctt17rw4w2 | ||
| 999 |
_c351585 _d351585 |
||